000 01574nac a22002897a 4500
003 Co-PeBPM
005 20240509160642.0
007 ta
008 240509s1976 ck a|||| |||| 00| 0 spa d
020 _a8427001932
040 _aCo-PeBPM
_bspa
_cCo-PeBPM
_erda
041 _aspa
082 0 4 _a001.94 D186me
_222
100 1 _aDaniken, Erich von
_eautor
245 1 0 _aEl mensaje de los dioses
_b: En busca de los dioses extraterrestres
_c/ Erich von Daniken; traducción José López Castro
260 _aBarcelona
_b: Ediciones Martínez Roca,
_cc1976
300 _a255 páginas
_bilustraciones en blanco y negro
_c19 centímetros
490 _aNueva Fontana
500 _aIncluye índice
504 _aIncluye bibliografía
520 _aEstoy Firmemente Persuadido De Que En Los Mitos, A Falta De Un Vocablo Más Preciso Para Designar Los Fenómenos De Vuelo, Se Utiliza La Palabra Dioses Como Sinónimo De Viajeros Del Espacio. Una Y Otra Vez Comienzan Los Textos Con Frases Como: Toma Tu Estilete Y Escribe, O Mira Bien Lo Que Te Muestro Y Comunícaselo A Tus Hermanos Y Hermanas. Los Antiquísimos Depositarios De Tales Mensajes Difícilmente Podían Entenderlos O Aprovecharse De Su Contenido; En Realidad Se Dirigían A Generaciones Futuras. Astro arqueología. Ufología. Ovnis. Libro Descatalogado. Esoterismo. Enigmas Históricos. Civilizaciones Desaparecidas. Misterios
650 1 0 _aHistoria
_2Lemb
_vCuriosidades y enigmas
650 1 0 _aArqueología
_2Lemb
650 1 0 _aDioses
_2Lemb
700 1 _aLópez Castro. Jo´se
_etraducción
942 _2ddc
_cBK
_n0
999 _c26836
_d26836